000 00503nam a2200193 a 4500
001 1768898038246
003 YourLibrary
005 20260120141625.0
008 260120s1998##################000#0#eng##
020 _a9780415136747
082 0 4 _a303.484
_bMAN.2
100 1 _aMannheim, Karl,
_eauthor.
245 1 0 _aMan and Society in an Age of Reconstruction :
260 _c1998.
300 _a469 pages
650 0 _aSocial Science.
942 _cENGLISH
040 _aYourLibrary
_beng
_cYourLibrary
999 _c608741
_d608741